000 00391nam a2200169Ia 4500
008 210210b1935 xxu||||| |||| 00| 0 eng d
041 _aeng
082 _a822/209
100 _aBUKE (Edmund)
245 _aSpeeches on America
260 _aLondon
_bMacmillan & Co. Ltd.
_c1935
650 _aSpeeches
650 _aon
650 _aAmerica
690 _aEnglish Prose
906 _a012396
999 _c131192
_d131192